Statistics for Provinces of the Netherlands 1 Minute Sprint

Click here to take the quiz!

General Stats

  • This quiz has been taken 13 times
  • The average score is 11 of 12

Answer Stats

Capital Answer % Correct
UtrechtUtrecht
100%
GroningenGroningen
100%
LeeuwardenFriesland
92%
MaastrichtLimburg
92%
HaarlemNoord Holland
92%
Den Haag / The HagueZuid Holland
92%
AssenDrenthe
85%
ArnhemGelderland
85%
's-HertogenboschNoord Brabant
85%
MiddelburgZeeland
85%
LelystadFlevoland
77%
ZwolleOverijssel
77%

Score Distribution

Percentile by Number Answered

Percent of People with Each Score

Your Score History

You have not taken this quiz